| 000 | 00831nam a2200253 i 4500 | ||
|---|---|---|---|
| 003 | DO-SdBNP | ||
| 005 | 20260529091728.0 | ||
| 007 | ta | ||
| 008 | 240514s1940 dr d 000 0 spa d | ||
| 040 |
_aDO-SdBNP _bspa _cBNPHU _erda |
||
| 041 | _aspa | ||
| 082 |
_axxx _bxxx _222 |
||
| 100 | 1 |
_aLópez Méndez, R. Vargas, _eautor _4aut. _928898 |
|
| 245 | 1 | 0 |
_aSinfonías bárbaras / _bR. Vargas López Méndez ; prólogo, Federico García Godoy |
| 264 | 1 |
_aSantiago de los Caballeros, República Dominicana : _bLa Información, _c1940. |
|
| 300 |
_a141 páginas ; _c23 cm. |
||
| 336 |
_2rdacontent _btxt _atexto |
||
| 337 |
_asin mediación _bn _2rdamedia |
||
| 338 |
_avolumen _bnc _2rdacarrier |
||
| 590 | _aInventariado, 2024/DG | ||
| 700 |
_aGarcía Godoy, Federico, _eprologuista _4pr. _989797 |
||
| 910 | _aDG | ||
| 942 |
_2ddc _cLBS1 |
||
| 999 |
_c56661 _d56661 |
||